|
|
|
|
| LEADER |
00000nab a2200000 ar4500 |
| 001 |
vtls010118934 |
| 003 |
SK-MaSNL |
| 005 |
20260304044245.0 |
| 008 |
100728c20100701xo ||||||||||||00 b|slo |
| 015 |
|
|
|a SNBRB2010/07
|2 snkbucl
|
| 038 |
|
|
|a SNKBUCL
|
| 040 |
|
|
|a SNKBUCL
|b slo
|c SNKBUCL
|e AACR2
|
| 041 |
0 |
|
|a slo
|
| 044 |
|
|
|a xo
|c SK
|
| 080 |
|
|
|a 656.1:336.232:625.711.3
|x (437.6)
|2 2001
|
| 080 |
|
|
|a 336.232:625.711.3
|x (437.6)
|2 2001
|
| 100 |
1 |
|
|a Krajanová, Daniela
|4 aut
|9 1038923
|
| 245 |
1 |
0 |
|a Supertajné mýto čaká skúmanie
|c Daniela Krajanová
|
| 300 |
|
|
|b Fotogr.
|
| 650 |
0 |
7 |
|a cestná doprava
|2 snkbucl
|9 1776
|
| 650 |
0 |
7 |
|a elektronické mýto
|2 snkbucl
|9 325729
|
| 651 |
|
7 |
|a Slovensko
|2 snkbucl
|
| 655 |
|
7 |
|a komentáre
|2 snkbucl
|9 70412
|
| 773 |
0 |
|
|t Sme
|g Roč. 18, č. 150 (1.7.2010), s. 9
|x 1335-440X
|
| 852 |
|
|
|a SNK
|b KIS3GCP
|
| 856 |
4 |
1 |
|u http://ekonomika.sme.sk/c/5446707/supertajne-myto-caka-skumanie.html
|
| 958 |
|
|
|a SK
|
| 999 |
|
|
|c 2684708
|d 2686638
|